00363nam a2200133 a 45000010010000000030011000100080041000210350026000620820014000881000023001022450043001252600040001686500021002080000-8730ELIB.Books110520 2004  a(ELIB.Books)0000-8876 a241 bSch aSchweiker, William aTheological Ethics and Global Dynamics bOxford: Blackwell Publishing c2004 aChristian Ethics